Introducción a la demografía

Guardado en:
Detalles Bibliográficos
Autor principal: Livi Bacci, Massimo (autor)
Formato: Libro
Lenguaje:español
Publicado: Barcelona Ariel 1993
Colección:Ariel Historia
Materias:
Etiquetas: Agregar Etiqueta
Sin Etiquetas, Sea el primero en etiquetar este registro!

MARC

LEADER 00000nam a2200000 a 4500
001 UCN9981
003 CL-VaPUC
008 020103e19930000SP |||||||||||||||||spa|d
082 0 4 |a 304.6  |b LIV  |2 21 
100 |a Livi Bacci, Massimo  |e autor  |9 588951 
245 1 0 |a Introducción a la demografía 
300 |a 475 p 
942 |c BK 
945 |d 20020103 00:00:00  |a cmena 
260 |a Barcelona  |b Ariel  |c 1993 
500 |a ALGUNOS EJEMPLARES EN INST.DE GEOGRAFIA POR PROY.MINEDUC 
650 0 |a Demografía   |9 260008 
650 0 |a Geografía  |9 259346 
650 7 |a ESTADISTICAS SOCIOECONOMICAS  |2 CL-VaPUC  |9 346299 
650 7 |a ENCUESTAS DEMOGRAFICAS  |2 CL-VaPUC  |9 466529 
650 7 |a MORTALIDAD  |2 CL-VaPUC  |9 341601 
650 7 |a TASA DE NATALIDAD  |2 CL-VaPUC  |9 466530 
650 0 |a Poblaciones  |9 338556 
650 0 |a Familias   |9 255641 
583 |a last modification  |c 20020103 00:00:00  |k Rodrigo Vera 
490 0 |a Ariel Historia 
999 |c 299060  |d 299058 
952 |0 0  |1 0  |4 0  |6 304_600000000000000_LIV_1993  |7 0  |8 A  |9 355193  |a BIBING  |b BIBING  |d 2019-11-21  |i 3786064  |l 1  |o 304.6 LIV 1993  |p 3786064  |r 2025-01-20  |s 2022-03-15  |w 2019-11-21  |y BK  |k GEO